[Event "BCF-chT4 2223 (4NCL)"]
[Site "England"]
[Date "2023.01.07"]
[Round "3.146"]
[White "Abbas, Rana"]
[Black "Dairi, Mahmoud"]
[Result "0-1"]
[WhiteElo "1061"]
[BlackElo "1000"]
[PlyCount "82"]
[EventDate "2022.11.05"]
[EventType "team-swiss"]
[EventRounds "11"]
[EventCountry "ENG"]
[SourceTitle "EXT 2024"]
[Source "ChessBase"]
[SourceDate "2023.10.10"]
[SourceVersion "1"]
[SourceVersionDate "2023.10.10"]
[SourceQuality "1"]
[WhiteTeam "Average Wood Pushers II"]
[BlackTeam "Watford II"]
[WhiteTeamCountry "ENG"]
[BlackTeamCountry "ENG"]

1. e4 e5 2. Nf3 Nc6 3. c3 Nf6 4. d3 Bc5 5. Qd2 d6 6. h3 Bd7 7. b4 Bb6 8. Na3 a6 9. Nc2 Qe7 10. Ba3 h6 11. h4 Ng4 12. 0-0-0 Nxf2 13. Be2 Nxd1 14. Kxd1 Be6 15. Ne3 Bxe3 16. Qxe3 Bxa2 17. c4 Bb3+ 18. Kc1 0-0 19. g4 Qf6 20. Kd2 Qf4 21. Qxf4 exf4 22. g5 h5 23. Kc3 Ba4 24. Bc1 a5 25. bxa5 Nxa5 26. Nd4 g6 27. Bxf4 Bd7 28. Ra1 Nc6 29. Rxa8 Rxa8 30. Nxc6 Bxc6 31. Bc1 Ra2 32. Bd1 Rh2 33. c5 Rxh4 34. cxd6 cxd6 35. Kd4 Rh1 36. Bf4 Rxd1 37. Bxd6 h4 38. Kc4 h3 39. Bg3 b5+ 40. Kd4 b4 41. Ke3 b3 0-1